Guidlines for mathematics laboratory in schools - ix (Record no. 4092)
[ view plain ]
| 000 -LEADER | |
|---|---|
| fixed length control field | 00255nam a22000857a 4500 |
| 008 - FIXED-LENGTH DATA ELEMENTS--GENERAL INFORMATION | |
| fixed length control field | 161124b xxu||||| |||| 00| 0 eng d |
| 100 ## - MAIN ENTRY--PERSONAL NAME | |
| 9 (RLIN) | 1377 |
| Personal name | CBSE |
| 245 ## - TITLE STATEMENT | |
| Title | Guidlines for mathematics laboratory in schools - ix |
| 260 ## - PUBLICATION, DISTRIBUTION, ETC. (IMPRINT) | |
| Place of publication, distribution, etc. | New delhi |
| Name of publisher, distributor, etc. | National book trust |
| Date of publication, distribution, etc. | 2005 |
| Withdrawn status | Lost status | Source of classification or shelving scheme | Damaged status | Koha normalized classification for sorting | Not for loan | Home library | Current library | Shelving location | Date acquired | Total Checkouts | Total Renewals | Full call number | Barcode | Date last seen | Date last checked out | Price effective from | Koha item type |
|---|---|---|---|---|---|---|---|---|---|---|---|---|---|---|---|---|---|
| Dewey Decimal Classification | 510_000000000000000 | Good Samaritan School Library | Good Samaritan School Library | Mathematics | 11/24/2016 | 1 | 2 | 510 | CBS4884 | 07/30/2018 | 07/02/2018 | 11/24/2016 | BOOK | ||||
| Dewey Decimal Classification | 510_000000000000000 | Good Samaritan School Library | Good Samaritan School Library | Mathematics | 11/24/2016 | 510 | CBS4885 | 11/24/2016 | 11/24/2016 | BOOK |